Química y física : (Registro nro. 13350)

Detalles MARC
000 -LIDER
fixed length control field 00668nam a22002297a 4500
003 - IDENTIFICACDOR DE NÚMERO DE CONTROL
control field DO-SdBNP
005 - DATE AND TIME OF LATEST TRANSACTION
control field 20180309101929.0
008 - ELEMENTOS DE LONGITUD FIJA
fixed length control field 180309b1998 dr||||| |||| 00| 0 spa d
020 ## - ISBN
International Standard Book Number 8482611011
040 ## - FUENTE DE CATALOGACIÓN
Agencia que crea de manera original el registro BPMSU
Idioma de catalogación spa
Agencia que realiza la transcripción BPMSU
100 ## - ASIENTO PRINCIPAL -- NOMBRE PERSONAL
Nombre personal Lugo, Zaida
245 ## - MENCIÓN DE TITULO
Título Química y física :
Subtítulo 2 do curso, segundo ciclo
Mención de responsabilidad Zaida Lugo, Félix Molina Moloon...
260 ## - PUBLICACIÓN, DISTRIBUCIÓN, ETC. (PIE DE IMPRENTA)
Lugar de publicación, distribución, etc Santo Domingo :
Nombre del editor, distribuidor, etc. Santillana
Fecha de publicación, distribución, etc 1998
300 ## - DESCRIPCIÓN FÍSICA
Extensión 341 p.
Otros detalles físicos il.
Dimensiones 28. 5 cm
490 ## - MENCIÓN DE SERIES
Mención de serie Santillana
700 ## - ASIENTO SECUNDARIO -- NOMBRE PERSONAL
Nombre personal Cid, Félix
700 ## - ASIENTO SECUNDARIO -- NOMBRE PERSONAL
Nombre personal Molina Moloon, Andrés
700 ## - ASIENTO SECUNDARIO -- NOMBRE PERSONAL
Nombre personal Libre de Vargas, Claudia
942 ## - ADDED ENTRY ELEMENTS (KOHA)
Source of classification or shelving scheme Dewey Decimal Classification
Koha item type Libros
945 ## - INFORMACIÓN DE PROCESAMIENTO LOCAL
Información de procesamiento local inventariado, 2018 / dg
956 ## - LOCAL ELECTRONIC LOCATION AND ACCESS (OCLC)
Nombre de host dgarcia
Número de acceso 10
Existencias
Withdrawn status Lost status Source of classification or shelving scheme Damaged status Not for loan Collection code Home library Current library Date acquired Source of acquisition Total Checkouts Barcode Date last seen Price effective from Koha item type Copy number
    Dewey Decimal Classification     Colección Dominicana Biblioteca Pública Metropolitana Salomé Ureña Biblioteca Pública Metropolitana Salomé Ureña 03/09/2018 Donado por fundi   BPMSU18030037 03/09/2018 03/09/2018 Libros  
    Dewey Decimal Classification     Colección Dominicana Biblioteca Pública Metropolitana Salomé Ureña Biblioteca Pública Metropolitana Salomé Ureña 03/09/2018 Donado por fundi   BPMSU18030038 03/09/2018 03/09/2018 Libros e. 2
    Dewey Decimal Classification     Colección Dominicana Biblioteca Pública Metropolitana Salomé Ureña Biblioteca Pública Metropolitana Salomé Ureña 03/09/2018 Donado por fundi   BPMSU18030039 03/09/2018 03/09/2018 Libros ej. 3